Geologic map of the McDowell quadrangle, Floyd and Pike Counties, Kentucky /

Bibliographic Details
Main Author: Rice, Charles L.
Corporate Authors: Geological Survey (U.S.), Kentucky Geological Survey
Format: Government Document Map
Language:English
Published: Washington, D.C. : U.S. Geological Survey, 1968.
Series:Geologic quadrangle map ; GQ-732.
Subjects:

MARC

Tag First Indicator Second Indicator Subfields
LEADER 00000cem a2200000Ia 4500
001 in00002504591
005 20151201114205.0
007 aj canzn
008 900531s1968 dcua a f 0 eng
010 |a map68000575  
034 1 |a a  |b 24000  |d W0824500  |e W0823730  |f N0373000  |g N0372230 
035 |a (OCoLC)ocm21655101 
035 |a (OCoLC)21655101 
040 |a DLC  |c RCE  |d NMT  |d OCL  |d STF  |d UtOrBLW 
043 |a n-us-ky 
049 |a TXAM 
050 1 4 |a G3701s.C5 var  |b .U5 GQ-732 
052 |a 3953  |b F6  |b P5 
086 0 |a I 19.88:GQ-732 
100 1 |a Rice, Charles L. 
245 1 0 |a Geologic map of the McDowell quadrangle, Floyd and Pike Counties, Kentucky /  |c by Charles L. Rice. 
246 3 0 |a McDowell quadrangle, Floyd and Pike Counties, Kentucky 
255 |a Scale 1:24,000  |c (W 82⁰45ʹ00ʺ--W 82⁰37ʹ30ʺ/N 37⁰30ʹ00ʺ--N 37⁰22ʹ30ʺ) 
264 1 |a Washington, D.C. :  |b U.S. Geological Survey,  |c 1968. 
300 |a 1 map :  |b color ;  |c on sheet 79 x 89 cm., folded in envelope 30 x 24 cm. 
336 |a cartographic image  |b cri  |2 rdacontent 
337 |a unmediated  |b n  |2 rdamedia 
338 |a sheet  |b nb  |2 rdacarrier 
490 1 |a Geologic quadrangle maps of the United States ;  |v GQ-732 
500 |a "Contour interval 40 feet." 
500 |a "Prepared in cooperation with ... Kentucky Geological Survey." 
500 |a Includes text with bibliography, stratigraphic section, col. cross section, and quadrangle location map. 
500 |a Cartographic material. 
650 0 |a Geology  |z Kentucky  |z Floyd County  |v Maps. 
650 0 |a Geology  |z Kentucky  |z Pike County  |v Maps. 
710 2 |a Geological Survey (U.S.) 
710 2 |a Kentucky Geological Survey. 
830 0 |a Geologic quadrangle map ;  |v GQ-732. 
994 |a C0  |b TXA 
948 |a cataloged  |b h  |c 2010/03/22  |e rharris  |f 11:57:24 am 
999 |a MARS 
999 f f |s 4227a752-55a6-315c-9d9d-3de535badfa9  |i 803c60b7-1288-3f55-95f8-005c5ec20b33  |t 0 
952 f f |p normal  |a Texas A&M University  |b College Station  |c Sterling C. Evans Library  |d Evans: Maps File (2nd floor)  |t 0  |e I 19.88:GQ-732  |h Superintendent of Documents classification  |i unmediated -- sheet  |m A14837819550 
998 f f |a I 19.88:GQ-732  |t 0  |l Evans: Maps File (2nd floor)